000 00414cam a2200157ua 4500
041 _aeng
_h
082 _a425
_bJES/MO
100 _aJesperson, Otto .
245 _aModern english grammar on historical principles /
_cOtto Jesperson.
_hTextual Documents
250 _a1 /
_b.
260 _aLondon :
_bGeorge Allen & Unwin Ltd ,
_c1961.
300 _a570 ; .
504 _a
942 _cBK
999 _c8523
_d8523